| 000 | 01202nam0a22003131 4500 | ||
|---|---|---|---|
| 001 | rc\383764 | ||
| 005 | 20260407094010.0 | ||
| 035 | _a(NLR Aleph) 005606385 | ||
| 090 |
_a6366793 _c6366793 |
||
| 100 | _a20030307d1989 |||y0rusy50 ca | ||
| 101 | 0 | _arus | |
| 102 | _aRU | ||
| 105 | _aa ||||||||| | ||
| 200 | 1 |
_aВзаимосвязь науки и практики _e(Тез. науч конф., Баку, 26-28 апр. 1988 г.) _f[Редкол.: Исмаилов Ч.Н. и др.] |
|
| 210 |
_aБаку _cАзГУ _d1989 |
||
| 215 |
_a131 с. _cграф. _d20 |
||
| 300 | _aЗагл. также: азерб. | ||
| 300 | _aВ надзаг.: М-во нар. образования АзССР, Азерб. гос. ун-т им. С.М. Кирова | ||
| 300 | _aЧасть текста: азерб. | ||
| 320 | _aБиблиогр. в конце докл. | ||
| 702 | 1 |
_aИсмаилов _bЧ.Н. _4340 |
|
| 712 | 0 | 2 |
_aАзербайджанский университет им. С. М. Кирова _cБаку _3RU\NLR\AUTH\889917762 _9331663 |
| 801 | 0 |
_aRU _bNLR _gpsbo |
|
| 801 | 1 |
_aRU _bELAR _2rusmarc |
|
| 852 |
_aNLR _jОНЛ |
||
| 852 |
_aNLR _bОНЛ |
||
| 942 | _cBOOK | ||
| 980 | _aNB | ||